Guess the State for the given City #1 - Statistics

General Stats
  • This quiz has been taken 21 times
  • The average score is 16 of 20
Answer Stats
Hint Answer % Correct
Long Beach California
95%
Fort Worth Texas
95%
Pittsburgh Pennsylvania
89%
Ann Arbor Michigan
84%
Fargo North Dakota
84%
Knoxville Tennessee
84%
Vancouver Washington
84%
Huntsville Alabama
79%
Nome Alaska
79%
Rockford Illinois
79%
Ogden Utah
79%
Mesa Arizona
74%
New Haven Connecticut
74%
Hilo Hawaii
74%
Utica New York
74%
Ashville North Carolina
74%
Eugene Oregon
74%
Casper Wyoming
68%
Bowling Green Kentucky
63%
Henderson Nevada
63%
No matching quizzes found
Score Distribution
Percent of People with Each Score
Percentile by Number Answered
Your Score History
You have not taken this quiz